000 01687nam0a2200373 i 4500
001 RU\NLR\BIBL_A\010853871
005 20260405203412.0
010 _a9785906070111
010 _a978-5-906070-40-1
_bт. 23
_93000
021 _aRU
_b2015-62661
_93727
035 _a(NILC)RuMoRGB-008000929
035 _a(NLR Aleph) 010853871
090 _a10386444
_c10386444
100 _a20151001d2015 m y0rusy50 ca
101 0 _arus
102 _aRU
105 _aabchz|||000yy
200 1 _aВеликая Отечественная война и Ярославский край
_f[авт. текста: Мария Александрова, Михаил Кербиков]
210 _aРыбинск
_cМедиарост
_d2015
215 _a223 с.
_cил., цв. ил., факс., портр., карты
_d25
225 1 _aБиблиотека ярославской семьи
_fавт. идеи, гл. ред.: Виталий Горошников
_vт. 23
300 _aАвт. указаны в вып. дан.
320 _aБиблиогр.: с. 222
606 _aВеликая Отечественная война
_yЯрославская область
_z1941 - 1945
_91237099
_3RU\NLR\AUTH\66187472
675 _a355/359
686 1 _aЦ35(2)722-7(2Р-4Яр)
700 1 _8rus
_7ca
_aАлександрова
_bМ. В.
_cканд. ист. наук, краеведение
_gМария Вячеславовна
_3RU\NLR\AUTH\7790826
_973753
701 1 _aКербиков
_bМ. Д.
_gМихаил Дмитриевич
801 0 _aRU
_bРГБ
_c20150819
_gRCR
801 2 _aRU
_bРГБ
_c20150827
_grcr
942 _cBOOK
980 _aNBR